Top 10 Leicester City Premier League Appearances - Statistics

General Stats
  • This quiz has been taken 184 times
    115 since last reset
  • The average score is 5 of 10
Answer Stats
Player Apps % Correct
Jamie Vardy 342
99%
Kasper Schmeichel 275
85%
Wes Morgan 170
77%
Marc Albrighton 224
55%
James Maddison 163
51%
Muzzy Izzet 221
38%
Wilfred Ndidi 220
33%
Robbie Savage 172
25%
Matt Elliott 199
18%
Steve Guppy 161
16%
No matching quizzes found
Score Distribution
Percent of People with Each Score
Percentile by Number Answered
Your Score History
You have not taken this quiz since the last reset